Diagnostic significance of bone marrow testing in patients with disseminated/miliary tuberculosis (Record no. 876666)

MARC details
000 -LEADER
fixed length control field 00959nam a2200277Ia 4500
003 - CONTROL NUMBER IDENTIFIER
control field OSt
005 - DATE AND TIME OF LATEST TRANSACTION
control field 20220930084117.0
008 - FIXED-LENGTH DATA ELEMENTS--GENERAL INFORMATION
fixed length control field 220926b |||||||| |||| 00| 0 eng d
037 ## - SOURCE OF ACQUISITION
Terms of availability Theses
040 ## - CATALOGING SOURCE
Original cataloging agency CRL
Transcribing agency CRL
Language of cataloging eng
041 ## - LANGUAGE CODE
Source of code eng
Language code of text/sound track or separate title eng
100 ## - MAIN ENTRY--PERSONAL NAME
Personal name Dagar Gaurav
9 (RLIN) 536860
110 ## - MAIN ENTRY--CORPORATE NAME
Corporate name or jurisdiction name as entry element University of Delhi. Faculty of Medical Sciences. Department of Medicine
245 #0 - TITLE STATEMENT
Title Diagnostic significance of bone marrow testing in patients with disseminated/miliary tuberculosis
260 ## - PUBLICATION, DISTRIBUTION, ETC.
Date of publication, distribution, etc. 2004
650 ## - SUBJECT ADDED ENTRY--TOPICAL TERM
Topical term or geographic name entry element MEDICINE
700 ## - ADDED ENTRY--PERSONAL NAME
Personal name Dr. Manjula Jain Gu.
9 (RLIN) 532690
700 ## - ADDED ENTRY--PERSONAL NAME
Personal name Dr. Naresh Gupta Gu.
9 (RLIN) 536080
700 ## - ADDED ENTRY--PERSONAL NAME
Personal name Dr. Urvashi B. Singh Gu.
9 (RLIN) 536861
700 ## - ADDED ENTRY--PERSONAL NAME
Personal name University of Delhi. Faculty of Medical Sciences. Department of Medicine
942 ## - ADDED ENTRY ELEMENTS (KOHA)
Koha item type Dissertations
Source of classification or shelving scheme Colon Classification (CC)

No items available.

Copyright @ Delhi University Library System